Biotechnology (Record no. 6637)

MARC details
000 -LEADER
fixed length control field 00795 a2200229 4500
005 - DATE AND TIME OF LATEST TRANSACTION
control field 2008090507457.0
008 - FIXED-LENGTH DATA ELEMENTS--GENERAL INFORMATION
fixed length control field 080905t xxu||||| |||| 00| 0 eng d
010 ## - LIBRARY OF CONGRESS CONTROL NUMBER
LC control number ENG-87535
020 ## - INTERNATIONAL STANDARD BOOK NUMBER
Terms of availability 995.00
International Standard Book Number 8131303061
035 ## - SYSTEM CONTROL NUMBER
System control number EN-71068
037 ## - SOURCE OF ACQUISITION
Source of stock number/acquisition D.B.Act / Pub
082 ## - DEWEY DECIMAL CLASSIFICATION NUMBER
Classification number 660.6
245 ## - TITLE STATEMENT
Title Biotechnology
Statement of responsibility, etc by B. N. Pandey...[et.al]
260 ## - PUBLICATION, DISTRIBUTION, ETC. (IMPRINT)
Place of publication, distribution, etc New Delhi
Name of publisher, distributor, etc A P H Publishing
Date of publication, distribution, etc 2008
300 ## - PHYSICAL DESCRIPTION
Extent ix, 404 p.
Dimensions 22 cm. (Hb).
500 ## - GENERAL NOTE
General note Includes bibliographical references
700 ## - ADDED ENTRY--PERSONAL NAME
Personal name Pandey, B. N.
700 ## - ADDED ENTRY--PERSONAL NAME
Personal name Pandey, P. N.
700 ## - ADDED ENTRY--PERSONAL NAME
Personal name Mehto, B.
942 ## - ADDED ENTRY ELEMENTS (KOHA)
Institution code [OBSOLETE] dpl
Koha item type English Books
Call number prefix 660.6 / BIO
Source of classification or shelving scheme Dewey Decimal Classification
Classification part 660.6
Call number suffix BIO
Holdings
Withdrawn status Lost status Damaged status Not for loan Collection code Home library Current library Date acquired Cost, normal purchase price Total Checkouts Full call number Barcode Date last seen Copy number Uniform Resource Identifier Cost, replacement price Price effective from Koha item type
      Not For Loan Non-fiction D.B.Act.Division D.B.Act.Division 05/09/2008 995.00   660.6 BIO EN-71068 15/09/2008 1 7138 995.00 15/09/2008 English Books

© Delhi Public Library
Hit Counter
free hit counter